<?xml version="1.0" encoding="UTF-8"?>
<record
    xmlns:xsi="http://www.w3.org/2001/XMLSchema-instance"
    xsi:schemaLocation="http://www.loc.gov/MARC21/slim http://www.loc.gov/standards/marcxml/schema/MARC21slim.xsd"
    xmlns="http://www.loc.gov/MARC21/slim">

  <leader>00857nam a2200169 a 4500</leader>
  <datafield tag="090" ind1=" " ind2=" ">
    <subfield code="a">IAVH</subfield>
    <subfield code="b">00765 CD-1</subfield>
  </datafield>
  <datafield tag="041" ind1=" " ind2=" ">
    <subfield code="a">spa</subfield>
  </datafield>
  <datafield tag="100" ind1=" " ind2=" ">
    <subfield code="a">Vera Ardila, M&#xF3;nica Luc&#xED;a</subfield>
    <subfield code="9">2039</subfield>
  </datafield>
  <datafield tag="245" ind1=" " ind2=" ">
    <subfield code="a">Listado de los g&#xE9;neros de malacofauna terrestre de Colombia</subfield>
  </datafield>
  <datafield tag="260" ind1=" " ind2=" ">
    <subfield code="a">Bogot&#xE1;</subfield>
    <subfield code="b">Instituto Alexander von Humboldt</subfield>
    <subfield code="c">2004</subfield>
  </datafield>
  <datafield tag="300" ind1=" " ind2=" ">
    <subfield code="a">5 p.</subfield>
  </datafield>
  <datafield tag="520" ind1=" " ind2=" ">
    <subfield code="a">Se realiz&#xF3; una revisi&#xF3;n bibliogr&#xE1;fica de las familias de moluscos terrestres del pa&#xED;s y a partir de esta se gener&#xF3; un listado con 80 g&#xE9;neros de moluscos terrestres presentes en Colombia. Adicionalmente, se realiz&#xF3; la documentaci&#xF3;n de metadatos mediante la aplicaci&#xF3;n M3Cat</subfield>
  </datafield>
  <datafield tag="650" ind1=" " ind2=" ">
    <subfield code="a">Revisi&#xF3;n bibliogr&#xE1;fica</subfield>
    <subfield code="9">92482</subfield>
  </datafield>
  <datafield tag="650" ind1=" " ind2=" ">
    <subfield code="a">Moluscos terrestres</subfield>
    <subfield code="9">92483</subfield>
  </datafield>
  <datafield tag="945" ind1=" " ind2=" ">
    <subfield code="d">2007-08-16</subfield>
  </datafield>
  <datafield tag="773" ind1="0" ind2=" ">
    <subfield code="0">5986</subfield>
    <subfield code="9">9704</subfield>
    <subfield code="a"></subfield>
    <subfield code="b"></subfield>
    <subfield code="d">Bogot&#xE1; Informatica documental 2007</subfield>
    <subfield code="o">024802</subfield>
    <subfield code="t">Informes de investigaciones IAVH en PDF</subfield>
    <subfield code="w"></subfield>
    <subfield code="x"></subfield>
    <subfield code="z"></subfield>
  </datafield>
  <datafield tag="999" ind1=" " ind2=" ">
    <subfield code="c">6010</subfield>
    <subfield code="d">6010</subfield>
  </datafield>
</record>
